01376nam a2200313 a 4500999001500000003000400015005001700019008004100036020001500077040001700092080001800109100002700127245014100154260004200295300002100337500013900358600006400497600006700561600006100628630005600689650004700745700003000792700002400822700002400846730005100870740001500921942001300936952011300949 c7398d7398OSt20211117112740.0030515s2003 sp |||||| 000 ||cat|c a8401386268 aCDMRbcatc0 a654.19(467.1)1 aPàmies, Teresa9295810a3x1 : bel món actual a través de tres generacions / cTeresa Pàmies, Margarita Rivière, Pilar Rahola ; pròleg de Josep Cuní aBarcelona : bRosa dels Vents, c2003 a188 p. ; c23 cm aRecull de les intervencions radiofòniques dins el programa "Els matins amb Josep Cuní" d'Ona Catalana, entre els anys 2000 i 2002 1092958aPàmies, TeresaxPunts de vista polítics i socials109849aRivière, MargaritaxPunts de vista polítics i socials1093152aRahola, PilarxPunts de vista polítics i socials 094700aMatins amb Josep Cuní (Programa de ràdio) 093105aRadiodifusióvProgrameszCatalunya1 aRivière, Margarita98491 aRahola, Pilar931521 aCuní, Josep91754 0Matins amb Josep Cuní (Programa de ràdio) 0 aTres per u 2udccMON 00104070aCDMRbCDMRd2021-11-17eDonacióg12.00l0oDu 1/165pCDMR21110012r2021-11-17w2021-11-17yMON